Bar Quiz - Statistics

General Stats
  • This quiz has been taken 16 times
  • The average score is 11 of 15
Answer Stats
Hint Answer % Correct
The Munich beer festival is held in which month? October
100%
How many time zones are there in Russia? 11
92%
How many days does it take for the Earth to orbit the Sun? 365
92%
Where was the first modern Olympic Games held? Athens
92%
Until 1923, what was the Turkish city of Istanbul called? Constantinople
92%
Name the best-selling book series of the 21st century? Harry Potter
85%
A pool ball set includes how many balls? 16
77%
Which famous graffiti artist comes from Bristol? Banksy
77%
Which of the following empires had no written language: Incan, Aztec, Egyptian, Roman? Incan
77%
What is the world’s oldest and most widely consumed alcoholic drink? Beer
62%
Name Pixar’s first feature-length movie? Toy Story
62%
Caitlyn Jenner used to be known by what name? Bruce
54%
Name the largest (not highest) mountain range in the world? The Andes
54%
How many rugby players take the field in a rugby game(both sides included)? 30
38%
Finish this famous Queen line: “Is this the real life or…” is this just fantasy?
31%
No matching quizzes found
Score Distribution
Percent of People with Each Score
Percentile by Number Answered
Your Score History
You have not taken this quiz